<?xml version="1.0" encoding="UTF-8"?>
<record
    xmlns:xsi="http://www.w3.org/2001/XMLSchema-instance"
    xsi:schemaLocation="http://www.loc.gov/MARC21/slim http://www.loc.gov/standards/marcxml/schema/MARC21slim.xsd"
    xmlns="http://www.loc.gov/MARC21/slim">

  <leader>00299nam a22000977a 4500</leader>
  <controlfield tag="008">160425b        xxu||||| |||| 00| 0 eng d</controlfield>
  <datafield tag="082" ind1=" " ind2=" ">
    <subfield code="a">362.5 URT</subfield>
  </datafield>
  <datafield tag="100" ind1=" " ind2=" ">
    <subfield code="a">THE UNITED REPUBLIC OF TANZANIA.</subfield>
  </datafield>
  <datafield tag="245" ind1=" " ind2=" ">
    <subfield code="a">POVERTY WELFARE MONITORING INDICATORS</subfield>
  </datafield>
  <datafield tag="260" ind1=" " ind2=" ">
    <subfield code="a">DAR ES SALAAM,</subfield>
    <subfield code="b">VICE PRESIDENT`S OFFICE,</subfield>
    <subfield code="c">1999.</subfield>
  </datafield>
  <datafield tag="999" ind1=" " ind2=" ">
    <subfield code="c">4155</subfield>
    <subfield code="d">4155</subfield>
  </datafield>
  <datafield tag="952" ind1=" " ind2=" ">
    <subfield code="0">0</subfield>
    <subfield code="1">0</subfield>
    <subfield code="2">ddc</subfield>
    <subfield code="4">0</subfield>
    <subfield code="6">362_500000000000000_URT</subfield>
    <subfield code="7">1</subfield>
    <subfield code="9">6431</subfield>
    <subfield code="a">1000</subfield>
    <subfield code="b">1000</subfield>
    <subfield code="c">REF</subfield>
    <subfield code="d">2016-04-25</subfield>
    <subfield code="l">0</subfield>
    <subfield code="o">362.5 URT</subfield>
    <subfield code="p">000000012170</subfield>
    <subfield code="r">2019-07-29</subfield>
    <subfield code="w">2016-04-25</subfield>
    <subfield code="y">BOOKS</subfield>
  </datafield>
</record>
